我住在台灣了! : 港人居台第三年

資料類型: Book 圖書   書目號:55358

Leader xxxxxxxxxx
001 __ PCLIS00055358
005 __ 20210813093625.0
010 0_ |a978-988-79894-8-6|b平裝|dNT$390
100 __ |a20210429d2020    m  y0chiy09      e
101 0_ |achi
102 __ |ahk
105 __ |aa   t   000cy
200 1_ |a我住在台灣了!|e港人居台第三年|f茶里圖文
205 __ |a初版
210 __ |a香港|c夢繪文創出版|a新北市新店區|c永盈發行|d2020[民109]
215 0_ |a141面|c彩圖|d21公分
312 __ |a封面副題名: 港人居台第3年
517 1_ |a我住在臺灣了!|e港人居臺第三年|zchi
517 1_ |a港人居台第3年|zchi
517 1_ |a港人居臺第3年|zchi
517 1_ |a港人居台第三年|zchi
517 1_ |a港人居台生活日記|zchi
681 __ |a855|b845
700 _0 |a茶里|4圖文
801 _0 |atw|b內湖高中|c20210429|gCCR
詳細館藏(共 1 筆)
索 書 號登 錄 號冊次號館別 / 館藏地流通類型狀態加入預約清單電子資源
855 / 845 1026933  圖書館 / 二樓普通區 可外借30天 在館   

| 條列資料




目錄查詢 分類查詢 個人資料 圖書薦購 新書查詢 閉館日 排行榜 更多電子資源 Hami書城 線上資料庫 登出

From : 216.73.217.87

  本日流通累計至 03:21:05 借閱 : 0 次 續借 : 0 次 歸還 : 0 次 預約 : 0 次 電子資源 : 0 次


內湖高中圖書館  PCLIS 版本  26.5.0.12